| 000 | 00752nam a22002417a 4500 | ||
|---|---|---|---|
| 005 | 20170124105922.0 | ||
| 010 | _a806515 | ||
| 020 |
_c00 _a070690429 |
||
| 035 | _a806515 | ||
| 037 | _bCen Lib/Ret | ||
| 040 |
_aDPL _bEN |
||
| 082 |
_a396.0954 _bIND |
||
| 245 |
_aIndian women : _cedited by B.R. Nanda _bfrom purdah to modernity / |
||
| 246 | _b | ||
| 260 |
_bVikas Publishing House _c1976 _aNew Delhi |
||
| 270 |
_bNew Delhi _a5, ansari road _e110002 |
||
| 300 |
_axvi, 187p. _c20cm(Hb) |
||
| 500 | _aIncludes bibliographical references and index | ||
| 650 |
_aSocial condition _xWomen _zIndian _94762 |
||
| 650 |
_aWomen _xIndian societies _94763 |
||
| 700 |
_aNanda, B.R. _94766 |
||
| 942 |
_2ddc _cEN _h396.0954 _mIND |
||
| 999 |
_c123207 _d123207 |
||